000
00336nam a2200169Ia 4500
100
_a
Donat/Wolfram
650
_a
Micro:bit
942
_c
BK
366
_f
20
654
_a
microbit
245
_a
Make: Getting started with Micro:bit
260
_b
SPD
_c
2017
082
_b
DON
300
_a
178
546
_a
ENGLISH
999
_c
22978
_d
22978